Fenix (Record no. 5356)
[ view plain ]
| 000 -LEADER | |
|---|---|
| campo de control de longitud fija | 00821npm a2200229 i 4500 |
| 001 - NÚMERO DE CONTROL | |
| campo de control | 5356 |
| 003 - IDENTIFICADOR DE NÚMERO DE CONTROL | |
| campo de control | ES-MaACL |
| 005 - FECHA Y HORA DE LA ÚLTIMA TRANSACCIÓN | |
| campo de control | 20230908130102.0 |
| 007 - CAMPO FIJO DE DESCRIPCIÓN FÍSICA--INFORMACIÓN GENERAL | |
| campo de control de longitud fija | hzrazu bucu |
| 008 - DATOS DE LONGITUD FIJA--INFORMACIÓN GENERAL | |
| campo de control de longitud fija | 900504r19901945pe a 00010 spa d |
| 080 ## - NÚMERO DE LA CLASIFICACIÓN DECIMAL UNIVERSAL | |
| Número de la Clasificación Decimal Universal | 02(851.1 Lima)(05) Fenix |
| 080 ## - NÚMERO DE LA CLASIFICACIÓN DECIMAL UNIVERSAL | |
| Número de la Clasificación Decimal Universal | 05(85) |
| 245 00 - MENCIÓN DEL TÍTULO | |
| Título | Fenix |
| Resto del título | : [Microforma] : Revista de la Biblioteca Nacional. |
| 260 ## - PUBLICACIÓN, DISTRIBUCIÓN, ETC. | |
| Lugar de publicación, distribución, etc. | Madrid : |
| Nombre del editor, distribuidor, etc. | Ateneo Cientifico, Literario y Artistico, |
| Fecha de publicación, distribución, etc. | 1990. |
| 300 ## - DESCRIPCIÓN FÍSICA | |
| Extensión | 2 carretes de microfilme : |
| Otras características físicas | negativo ; |
| Dimensiones | 16 mm. |
| 500 ## - NOTA GENERAL | |
| Nota general | Publicado originalmente: Lima, Lumen, 1945 a 1955, periodicidad semestral. |
| 505 8# - NOTA DE CONTENIDO CON FORMATO | |
| Nota de contenido con formato | Carrete n. 1: 1945 a 1950 -- Carrete n. 2: 1952 a 1955 |
| 710 2# - ENTRADA AGREGADA--NOMBRE DE ENTIDAD CORPORATIVA | |
| Nombre de entidad corporativa o nombre de jurisdicción como elemento de entrada | Biblioteca Nacional del Perú. |
| 9 (RLIN) | 2187 |
| 852 ## - LOCALIZACIÓN | |
| Ubicación | ES-MaACL |
| Número de control de estantería | MC-598-599 |
| itemnumber | 5473 |
| Ubicación en estantería | Depósito 1 |
| 942 ## - ELEMENTOS DE ENTRADA SECUNDARIOS (KOHA) | |
| Fuente del sistema de clasificación o colocación | Clasificación decimal universal |
| Tipo de ítem Koha | Microforma |
| Estatus retirado | Estado de pérdida | Fuente del sistema de clasificación o colocación | Estado de daño | No para préstamo | Colección | Biblioteca de origen | Biblioteca actual | Ubicación en estantería | Fecha de adquisición | Total de préstamos | Signatura topográfica completa | Código de barras | Visto por última vez | Precio de reemplazo | Tipo de ítem Koha |
|---|---|---|---|---|---|---|---|---|---|---|---|---|---|---|---|
| Clasificación decimal universal | Periódicos y Revistas | Biblioteca del Ateneo de Madrid | Biblioteca del Ateneo de Madrid | Depósito 1 | 17/01/2008 | MC-598-599 | 1005419 | 23/02/2023 | 23/02/2023 | Microforma |
